000 00838nam a22002537a 4500
005 20260204143358.0
008 260204t ||||| |||| 00| 0 spa d
020 _a9789587923889
020 _a9789587923896
040 _aCO-BoUCM
_cDavid Moreno
_dDavid Moreno
041 _aspa
100 1 _aLópez Benítez, Yolanda
_9187916
245 1 0 _aTransformación digital en la empresa
_cYolanda López Benítez
250 _a1a.Ed
260 _aBogotá, Colombia
_bEdiciones de la U
_c2022
300 _a304 páginas
650 1 4 _aTransformación digital
_9179932
650 1 4 _aInnovación tecnológica
_917710
650 1 4 _aGestión empresarial
_933445
650 1 4 _aCambio organizacional
_97360
650 1 4 _aDigitalización
_9187917
942 _2DEWEY
_a16
_cLIBRO
_e1
_h303.483
_mL864t
_n0
999 _c326072
_d326072